000 00352nam a2200145Ia 4500
008 191201s2008 xx 000 0 und d
082 _a005.133
_bMUP
100 _aMUGHAL, Khalid A.
245 2 _aA programmer's Guide to Java Certification
250 _a9th
260 _aN.Delhi
_bPearson
_c2008
300 _a661
650 _aMCA
942 _2ddc
_cBK
999 _c3653
_d3653